000 00588nam a2200229Ia 4500
003 OSt
005 20220918184710.0
006 a|||||r|||| 00| 0
007 ta
008 220917b |||||||| |||| 00| 0 eng d
024 _a47,645
037 _cTextual
040 _aARTS
_cARTS
_beng
041 _2eng
_aeng
082 _aP:1, J9;4
100 _aPike Kenneth L
_921313
245 0 _aPhonemics
_b a tecqu=nique for reducing language to writing
260 _c1959
650 _aLINGUISTICS
942 _hP:1, J9;4
_cTEXL
_2CC
999 _c177489
_d177489